nickname for soccer player - Statistics

General Stats
  • This quiz has been taken 14 times
  • The average score is 3 of 5
Answer Stats
Hint Answer % Correct
cristiano ronaldo CR7
92%
Robert Lewandowski Lewangoalski
54%
erling haaland Daemon
38%
Diego Maradona hand of god
38%
lionel messi L10
31%
No matching quizzes found
Score Distribution
Percent of People with Each Score
Percentile by Number Answered
Your Score History
You have not taken this quiz